| 000 | 00383nam a22001697a 4500 | ||
|---|---|---|---|
| 003 | SGT | ||
| 020 | _a97890356965843 | ||
| 082 |
_a616.89 _bA25N |
||
| 100 | _aNAIR, MKC | ||
| 245 | _aADOLESCENT COUNSELING | ||
| 250 | _a2ND | ||
| 260 |
_aNEW DELHI _bJAYPEE. BRO.PUB. _c2025 |
||
| 300 | _a318 | ||
| 650 | _aMEDICAL | ||
| 653 | _aADOLESCENT, COUNSELING, MEDICAL | ||
| 942 |
_2ddc _cBK |
||
| 999 |
_c34758 _d34758 |
||